20th Century: '50s or '60s? Quiz Stats

Quiz Updated Sep 8, 2016

Challenge
Share
Tweet
Embed
Score 0/30 Timer 05:00
7 Plays Today
Event (5)0s or (6)0s % Correct
'2001: A Space Odyssey' movie released???
93.6%
Nixon became President of the United States???
93.1%
Malcolm X assassinated???
91%
Simon and Garfunkel released 'Mrs. Robinson'???
89.8%
Alaska and Hawaii became states of the US???
88.8%
Bob Dylan released 'Like a Rolling Stone'???
88.5%
Chuck Berry released 'Johnny B. Goode'???
86.6%
Bay of Pigs invasion???
86.4%
Elvis Presley released 'Heartbreak Hotel'???
85.2%
Che Guevara executed???
82.9%
Joseph Stalin died???
82.2%
Muammar Gaddafi overthrew monarchy in Libya???
81.4%
Female birth-control pill released in the US???
78%
'Ben-Hur' movie released???
76.7%
'Gentlemen Prefer Blondes' movie released???
73.1%
Event (5)0s or (6)0s % Correct
Buddy Holly killed in a plane crash???
71.3%
Assumption of Mary declared as a dogma???
71.3%
'Mary Poppins' movie released???
70.7%
'The Flintstones' TV show premiered???
67.5%
Dr. Seuss published 'The Cat in the Hat'???
66.9%
Joe DiMaggio’s last MLB appearance???
66.1%
Fidel Castro overthrew Fulgencio Batista???
65.2%
Nina Simone released 'My Baby Just Cares for Me'???
65%
Programming language BASIC created???
61.5%
Prague Spring in Czechoslovakia???
61.3%
Unimate, the first industrial robot introduced???
59.5%
Suez Crisis???
59.1%
World’s first full-scale nuclear power plant???
57.6%
Inaugural season of Formula One???
52.8%
CERN established???
43.8%

You're not logged in!

Compare scores with friends on all Sporcle quizzes.
Join for Free
OR
Log In

You Might Also Like...

Show Comments

Extras

Top Quizzes Today


Score Distribution

Your Account Isn't Verified!

In order to create a playlist on Sporcle, you need to verify the email address you used during registration. Go to your Sporcle Settings to finish the process.

Report this User

Report this user for behavior that violates our Community Guidelines.

Details: